Caracterización biológica del occidente del departamento de Boyacá (Registro nro. 6165)

Detalles MARC
000 -CABECERA
Campo de control 01599nam a2200277 a 4500
090 ## - CLASIFICACIÓN LOCAL
Colección IAVH
Consecutivo 00666
041 ## - IDIOMA
Código de idioma para texto/pista de sonido o título separado Español
100 ## - ASIENTO PRINCIPAL--NOMBRE PERSONAL
Nombre personal Múnera, Claudia
245 ## - MENCION DE TITULO
Título Caracterización biológica del occidente del departamento de Boyacá
Parte restante del título especies amenazadas de la Serranía de Las Quinchas
260 ## - PUBLICACION, DISTRIBUCION, ETC. (PIE DE IMPRENTA)
Lugar de publicación, distribución, etc. Bogotá
Nombre del editor, distribuidor, etc. Instituto Alexander von Humboldt
Fecha de publicación, distribución, etc. 2002
300 ## - DESCRIPCION FISICA
Extensión 36 p.
520 ## - NOTA DE RESUMEN, ETC.
Nota de resumen Se presentan algunas características del área de estudio como clima, geología y suelos, cuencas hidrográficas, aspectos socioeconómicos, localidades estudiadas. Se muestra la metodología empleada en la medición de la diversidad ecosistémica, la identificación de especies de aves amenazadas en la Serranía de Las Quinchas. Finalmente se exponen los resultados obtenidos en relación con: diversidad ecosistémica, fauna y flora de la Serranía de Las Quinchas, especies de plantas amenazadas, especies de aves amenazadas, especies amenazadas de otros grupos biológicos, Areas de Concentración de Especies de aves amenazadas e importancia de la Serranía
650 ## - ASIENTO SECUNDARIO DE MATERIA - TERMINO TEMATICO
Término temático o nombre geográfico como elemento de entrada Biodiversidad
650 ## - ASIENTO SECUNDARIO DE MATERIA - TERMINO TEMATICO
Término temático o nombre geográfico como elemento de entrada Conservación
650 ## - ASIENTO SECUNDARIO DE MATERIA - TERMINO TEMATICO
Término temático o nombre geográfico como elemento de entrada Diversidad ecosistémica
650 ## - ASIENTO SECUNDARIO DE MATERIA - TERMINO TEMATICO
Término temático o nombre geográfico como elemento de entrada Areas de concentración de especies
650 ## - ASIENTO SECUNDARIO DE MATERIA - TERMINO TEMATICO
Término temático o nombre geográfico como elemento de entrada Especies amenazadas
650 ## - ASIENTO SECUNDARIO DE MATERIA - TERMINO TEMATICO
Término temático o nombre geográfico como elemento de entrada Plantas
650 ## - ASIENTO SECUNDARIO DE MATERIA - TERMINO TEMATICO
Término temático o nombre geográfico como elemento de entrada Aves
662 ## - ASIENTO SECUNDARIO DE MATERIA - JERARQUIA DEL NOMBRE DE LUGAR(
País o entidad mayor Colombia
Jurisdicción política intermedia Serranía de Las Quinchas
Jurisdicción política de primer orden Boyacá
700 ## - ASIENTO SECUNDARIO - NOMBRE PERSONAL
Nombre personal Franco, Ana María
700 ## - ASIENTO SECUNDARIO - NOMBRE PERSONAL
Nombre personal Renjifo, Luis Miguel
700 ## - ASIENTO SECUNDARIO - NOMBRE PERSONAL
Nombre personal Valencia, Iván Darío
700 ## - ASIENTO SECUNDARIO - NOMBRE PERSONAL
Nombre personal Quiceno, María Paula
700 ## - ASIENTO SECUNDARIO - NOMBRE PERSONAL
Nombre personal Polanco, Henry

No hay ítems disponibles.